| 000 -LEADER |
| fixed length control field |
00765nam a2200229Ia 4500 |
| 001 - CONTROL NUMBER |
| control field |
1890 |
| 003 - CONTROL NUMBER IDENTIFIER |
| control field |
GE_BSU |
| 005 - DATE AND TIME OF LATEST TRANSACTION |
| control field |
20221007124923.0 |
| 008 - FIXED-LENGTH DATA ELEMENTS--GENERAL INFORMATION |
| fixed length control field |
181216s2006ru xx |||||||||||||| ||rus|| |
| 020 ## - INTERNATIONAL STANDARD BOOK NUMBER |
| International Standard Book Number |
5482005607 |
| 040 ## - CATALOGING SOURCE |
| Transcribing agency |
GE_BSU |
| 041 ## - LANGUAGE CODE |
| Language code of text/sound track or separate title |
rus |
| 080 ## - UNIVERSAL DECIMAL CLASSIFICATION NUMBER |
| Universal Decimal Classification number |
346+347.7 К-46 |
| 100 ## - MAIN ENTRY--PERSONAL NAME |
| Personal name |
Ковалов, А.С. |
| 9 (RLIN) |
15144 |
| 245 ## - TITLE STATEMENT |
| Title |
Юрист и Безопасность Бизнеса. Психологическое Аспекты / |
| Statement of responsibility, etc. |
А.С. Ковалов. |
| 264 ## - PRODUCTION, PUBLICATION, DISTRIBUTION, MANUFACTURE, AND COPYRIGHT NOTICE |
| Place of production, publication, distribution, manufacture |
Москва : |
| Name of producer, publisher, distributor, manufacturer |
Проспект, |
| Date of production, publication, distribution, manufacture, or copyright notice |
2006. |
| 300 ## - PHYSICAL DESCRIPTION |
| Extent |
304 с. |
| Other physical details |
22 см.: |
| 653 ## - INDEX TERM--UNCONTROLLED |
| keyword |
Психологическое Аспекты; |
| 653 ## - INDEX TERM--UNCONTROLLED |
| keyword |
Юрист и Безопасность Бизнеса; |
| 653 ## - INDEX TERM--UNCONTROLLED |
| keyword |
ფსიქოლოგია |
| 942 ## - ADDED ENTRY ELEMENTS (KOHA) |
| Koha item type |
წიგნი |
| Source of classification or shelving scheme |
|